00970nam a2200301 a 450000100060000000300080000600500170001400800410003102000180007202000310009002000310012103500190015204000370017104100080020804200080021608200260022410000280025024500650027826400490034330000280039233600260042033700280044633800270047450400510050165100420055265100360059465100380063086188BD-RjUL20260222103539.0260222s2019 ilu b 001 0 eng  a9780670092499 a9781608466764q(hardcover) a9781608466733q(paperback) a(BD-RjUL)86188 aDLCbengerdacDLCdDLCdBD-RjUL aeng apcc00223a824.914bROM 20191 aRoy, Arundhatieauthor.10aMy seditious heart :bcollected nonfiction /cArundhati Roy. 1aChicago, Illinois :bHaymarket Books,c2019. axxv, 993 pages ;c21 cm atextbtxt2rdacontent aunmediatedbn2rdamedia avolumebnc2rdacarrier aIncludes bibliographical references and index. 0aIndiaxPolitics and governmenty1977- 0aIndiaxSocial conditionsy1947- 0aIndiaxEconomic conditionsy1947-